Introduction to hydrology (Record no. 3809)

000 -LEADER
fixed length control field 00582nam a2200229 a 4500
001 - CONTROL NUMBER
control field 3809
003 - CONTROL NUMBER IDENTIFIER
control field BD-DhUET
008 - FIXED-LENGTH DATA ELEMENTS--GENERAL INFORMATION
fixed length control field 941109s1995 ilua b 001 0 eng
020 ## - INTERNATIONAL STANDARD BOOK NUMBER
International Standard Book Number 0673991652
040 ## - CATALOGING SOURCE
Original cataloging agency DLC
Transcribing agency DLC
Modifying agency BD-DhUET
082 00 - DEWEY DECIMAL CLASSIFICATION NUMBER
Classification number 551.49
Item number VIE/1996
100 ## - MAIN ENTRY--PERSONAL NAME
Personal name Viessman, Warren
245 10 - TITLE STATEMENT
Title Introduction to hydrology
250 ## - EDITION STATEMENT
Edition statement 4th ed.
260 ## - PUBLICATION, DISTRIBUTION, ETC. (IMPRINT)
Place of publication, distribution, etc. New York
Name of publisher, distributor, etc. Harpe & Row Publishers
Date of publication, distribution, etc. 1996
300 ## - PHYSICAL DESCRIPTION
Extent xiv,760p.
Other physical details ill.
Dimensions 25 cm.
504 ## - BIBLIOGRAPHY, ETC. NOTE
Bibliography, etc Includes bibliographies
650 #0 - SUBJECT ADDED ENTRY--TOPICAL TERM
Topical term or geographic name as entry element Hydrology
700 1# - ADDED ENTRY--PERSONAL NAME
Personal name Lewis, Gary L.
700 ## - ADDED ENTRY--PERSONAL NAME
Personal name Knapp, John W.
942 ## - ADDED ENTRY ELEMENTS (KOHA)
Koha item type General Book
Holdings
Damaged status Price effective from Date acquired Koha full call number Sublocation or collection (holding branch) Koha date last seen Shelving location Koha item type Copy number Lost status Withdrawn status Source of classification or shelving scheme Piece designation (barcode) Koha normalized classification for sorting Location (home branch) Not for loan
 2014-11-062014-11-06551.49/VIE/1996Central Library, BUET2014-11-06Circulation sectionGeneral Book1   89516551_000000000000000_49VIE1996Central Library, BUET 
 2014-11-092014-11-09551.49/VIE/1996Central Library, BUET2014-11-09Circulation sectionGeneral Book2   89518551_490000000000000_VIE_1996Central Library, BUET 
 2014-11-242014-11-24551.49/VIE/1996Central Library, BUET2014-11-24Circulation sectionGeneral Book3   71480551_490000000000000_VIE_1996Central Library, BUET 
 2015-06-082015-06-08551.49/VIE/1996Central Library, BUET2015-06-08Reading sectionReading Item4   89515551_490000000000000_VIE_1996Central Library, BUET